Sistema ekonomičeskich nauk

Gespeichert in:
Bibliographische Detailangaben
Format: Buch
Sprache:Russisch
Veröffentlicht: Moskva Nauka 1968
Tags: Tag hinzufügen
Keine Tags, Fügen Sie das erste Tag hinzu!

MARC

LEADER 00000nam a2200000 4500
001 c122519
005 20250507123854.9
041 0 |a rus 
044 |a RU 
245 1 0 |a Sistema ekonomičeskich nauk  |c Red. K.V. Ostrovit'janov 
264 1 |a Moskva  |b Nauka  |c 1968 
300 |a 461 s.